Statystyki dla pierwiastki chemiczne(nie wszystkie)

Kliknij tutaj aby rozwiązać quiz!

Ogólne statystyki

  • Ten quiz został rozwiązany 63 razy
  • Średni wynik to 22 z 24

Statystyki odpowiedzi

pierwiastekjaki% Poprawnych
Nasód
98%
Otlen
98%
Cwęgiel
98%
Hwodór
98%
Nazot
96%
Mgmagnez
96%
Kpotas
96%
Clchlor
93%
Zncynk
93%
Alglin
93%
Ssiarka
93%
Agsrebro
93%
Feżelazo
93%
Auzłoto
93%
Brbrom
91%
Hgrtęć
91%
Pfosfor
89%
Ijod
89%
Sikrzem
89%
Cumiedź
89%
Pbołów
89%
Babar
87%
Cawapń
87%
Sncyna
76%

Rozkład punktacji

Percentyl według liczby udzielonych odpowiedzi

Procent ludzi z każdym wynikiem

Twoja historia wyników

Nie rozwiązałeś tego quizu